000 00224nam a22000977a 4500
999 _c15861
_d15861
003 OSt
008 191022b ||||| |||| 00| 0 eng d
100 _aHornby,A S.
_91826
245 _aprogressive English Dictionary
942 _cBK